| 000 | 00492nam a2200133Ia 4500 | ||
|---|---|---|---|
| 001 | 954 | ||
| 008 | 241024s9999 xx 000 0 und d | ||
| 082 | _aRD/372.97293/R426i/2003 | ||
| 100 | _aRepública Dominicana.Secretaria de Estado de Educación | ||
| 245 | 0 | _aInforme final de la fase demostrativa del proyecto fortalecimiento de la educación inicial en República Dominicana. | |
| 260 |
_bDireccuón General de Educación Inicial _c2003 |
||
| 901 | _a14/1/2011 2:39:47 p.m. | ||
| 999 |
_c8624 _d8624 |
||